[Event "Bring on Spring "]
[Site "SchemingMind.com"]
[Date "2025.02.13"]
[Round "-"]
[White "kenneth m day"]
[Black "Robert Hatfield"]
[Result "1/2-1/2"]
[WhiteCountry "USA"]
[BlackCountry "USA"]
[WhiteElo "1691"]
[WhiteRD "51"]
[BlackElo "1677"]
[BlackRD "50"]
[GameID "751675"]

1. e4 e5 2. Nf3 Nc6 3. c3 Nf6 4. d4 Nxe4 5. d5 Ne7 6. Nxe5 a6 7. Qd4 Nf6 8. Bd3 Nexd5 9. O-O Be7 10. Bg5 d6
11. Nf3 Bg4 12. Nbd2 O-O 13. h3 Bxf3 14. Nxf3 c5 15. Qh4 h6 16. Bxh6 Ne8 17. Qg4 Ndf6 18. Qg3 Qc7 19. Bf4 Nh5 20. Qg4 Nxf4
21. Qxf4 d5 22. Qxc7 Nxc7 23. Rfe1 Bf6 24. Bf5 Rfe8 25. Rad1 Kf8 26. Bd7 Rxe1+ 27. Rxe1 Rd8 28. Ba4 b5 29. Bc2 Re8 30. Rxe8+=
1/2-1/2

[Event "Bring on Spring "]
[Site "SchemingMind.com"]
[Date "2025.02.13"]
[Round "-"]
[White "Robert Hatfield"]
[Black "kenneth m day"]
[Result "1/2-1/2"]
[WhiteCountry "USA"]
[BlackCountry "USA"]
[WhiteElo "1677"]
[WhiteRD "50"]
[BlackElo "1691"]
[BlackRD "51"]
[GameID "751676"]

1. e4 e5 2. Nf3 Nc6 3. Nc3 Nf6 4. Bb5 Nd4 5. Ba4 c6 6. Nxe5 d6 7. Nf3 Bg4 8. d3 d5 9. O-O Be7 10. Be3 Nxf3+
11. gxf3 Bh3 12. exd5 O-O 13. dxc6 bxc6 14. Bxc6 Rc8 15. Be4 Bxf1 16. Qxf1 Qc7 17. Nd5 Nxd5 18. Bxd5 Qxc2 19. Bd4 Rfd8 20. Bb3 Qd2
21. Bc3 Qxd3 22. Qxd3 Rxd3 23. Kg2 h6 24. Re1 Bc5 25. Re4 Rd6 26. Rg4 g6 27. f4 Bd4 28. Bxd4 Rxd4 29. Rxg6+ Kh7 30. Ra6 Rc7
31. Kf3 Rd3+ 32. Ke2 Rh3 33. Rf6 Kg7 34. Ra6 Rxh2 35. f5 Rh3 36. f6+ Kf8 37. Ra4 Kg8 38. Rg4+ Kf8 39. Rb4 Kg8 40. Rb8+ Kh7
41. Rf8 Rxb3 42. axb3 Kg6 43. Ra8=
1/2-1/2

[Event "Bring on Spring "]
[Site "SchemingMind.com"]
[Date "2025.03.09"]
[Round "-"]
[White "Archon"]
[Black "kenneth m day"]
[Result "1/2-1/2"]
[WhiteCountry "CAN"]
[BlackCountry "USA"]
[WhiteElo "1748"]
[WhiteRD "60"]
[BlackElo "1691"]
[BlackRD "51"]
[GameID "752414"]

1. e4 e5 2. Bc4 Nf6 3. Nc3 Nc6 4. d3 Bc5 5. Nge2 Na5 6. Bb3 Nxb3 7. axb3 O-O 8. O-O a6 9. Bg5 h6 10. Bh4 c6
11. Qd2 Be7 12. f4 d6 13. Bg3 Qc7 14. fxe5 dxe5 15. Bh4 Nh5 16. Bf2 Qd7 17. Na4 Qg4 18. Nb6 Rb8 19. Nxc8 Rbxc8 20. Be3 Bg5
21. Bxg5 Qxg5 22. Qxg5 hxg5 23. Ra5 f6 24. Rf3 Nf4 25. Nxf4 gxf4 26. Rh3 Kf7 27. Ra1 Rh8 28. Rxh8 Rxh8 29. Ra5 g5=
1/2-1/2

[Event "Bring on Spring "]
[Site "SchemingMind.com"]
[Date "2025.03.09"]
[Round "-"]
[White "kenneth m day"]
[Black "Archon"]
[Result "1-0"]
[WhiteCountry "USA"]
[BlackCountry "CAN"]
[WhiteElo "1691"]
[WhiteRD "51"]
[BlackElo "1748"]
[BlackRD "60"]
[GameID "752415"]

1. e4 e5 2. Nf3 Nc6 3. c3 Nf6 4. d4 d6 5. Bb5 Bd7 6. O-O Be7 7. Re1 O-O 8. h3 a6 9. Bd3 Re8 10. Bg5 Qc8
11. Nbd2 h6 12. Bh4 exd4 13. cxd4 Bxh3 14. Bxf6 Bxg2 15. Bxe7 Rxe7 16. Kxg2 Qg4+ 17. Kf1 Qh3+ 18. Ke2 Qg4 19. Rg1 Nxd4+ 20. Ke1 Rxe4+
21. Bxe4 Nxf3+ 22. Nxf3 Qxe4+ 23. Kf1 Qc4+ 24. Qe2
1-0

[Event "Bring on Spring "]
[Site "SchemingMind.com"]
[Date "2025.03.09"]
[Round "-"]
[White "Archon"]
[Black "Robert Hatfield"]
[Result "1-0"]
[WhiteCountry "CAN"]
[BlackCountry "USA"]
[WhiteElo "1748"]
[WhiteRD "60"]
[BlackElo "1677"]
[BlackRD "50"]
[GameID "752416"]

1. e4 e5 2. Bc4 Nc6 3. Nc3 Nf6 4. d3 Na5 5. Bb3 Nxb3 6. axb3 d5 7. Bg5 d4 8. Nd5 Be7 9. Nxe7 Qxe7 10. h3 h6
11. Bh4 Bd7 12. Nf3 O-O 13. O-O c5 14. Bg3 Nh5 15. Bxe5 f6 16. Bh2 g6 17. e5 fxe5 18. Qe2 Rxf3 19. Qxf3 Bc6 20. Qe2
1-0

[Event "Bring on Spring "]
[Site "SchemingMind.com"]
[Date "2025.03.09"]
[Round "-"]
[White "Robert Hatfield"]
[Black "Archon"]
[Result "1-0"]
[WhiteCountry "USA"]
[BlackCountry "CAN"]
[WhiteElo "1677"]
[WhiteRD "50"]
[BlackElo "1748"]
[BlackRD "60"]
[GameID "752417"]

1. e4 e5 2. Nf3 Nc6 3. Bb5 d6 4. d4 Bd7 5. Nc3 a6 6. Bxc6 Bxc6 7. dxe5 dxe5 8. Qxd8+ Rxd8 9. Nxe5 Ne7 10. Bg5 f6
11. Nxc6 Nxc6 12. Bd2 Bb4 13. O-O-O Ne5 14. Nd5 Bxd2+ 15. Rxd2 c6 16. Ne3 Rxd2 17. Kxd2 Kf7 18. f4 Rd8+ 19. Ke2 Ng6 20. g3 Nf8
21. Rd1 Rxd1 22. Nxd1 Nd7 23. Kd3 Ke6 24. Ne3 g6 25. g4 h6 26. h4 b5 27. b4 Kd6 28. c4 Ke6 29. Kd4 Kd6 30. c5+ Ke6
31. Ng2 Nf8 32. f5+ gxf5 33. exf5+ Ke7 34. Nf4 Kf7 35. a3 Ke7 36. Nh3 Nh7 37. Ke4 Kf7 38. Kf4 Ke7 39. g5 hxg5+ 40. hxg5 fxg5+
41. Nxg5 Nf6 42. Ne6 Nd5+ 43. Ke5 Nf6 44. Nc7 Ng4+ 45. Kf4 Nf6 46. Nxa6 Nd5+ 47. Ke5 Kd7 48. f6 Nxf6 49. Kxf6 Kc8 50. Ke6 Kb7
51. Kd6 Kxa6 52. Kxc6
1-0

[Event "Bring on Spring "]
[Site "SchemingMind.com"]
[Date "2025.03.12"]
[Round "-"]
[White "Archon"]
[Black "Phillip Beckett"]
[Result "1-0"]
[WhiteCountry "CAN"]
[BlackCountry "ENG"]
[WhiteElo "1748"]
[WhiteRD "60"]
[BlackElo "1551"]
[BlackRD "52"]
[GameID "752453"]

1. e4 e5 2. Bc4 Nf6 3. Nc3 Nxe4 4. Bxf7+ Kxf7 5. Nxe4 d5 6. Ng3 Be7 7. Qf3+ Bf6 8. d3 Rf8 9. Qe2 Kg8 10. Nf3 Nc6
11. Bd2 Bg4 12. h3 Bxf3 13. Qxf3 Bg5 14. Qd1 Bxd2+ 15. Qxd2 Nd4 16. O-O-O a5 17. Rhf1 a4 18. a3 b5 19. Ne2 Nxe2+ 20. Qxe2 Qf6
21. d4 exd4 22. Qxb5 Rfb8 23. Qxd5+ Kh8 24. Qxd4 Qc6 25. Rfe1 Qh6+ 26. Kb1 c5 27. Qc3 Qb6 28. Rd7 Ra7 29. Qxg7#
1-0

[Event "Bring on Spring "]
[Site "SchemingMind.com"]
[Date "2025.03.12"]
[Round "-"]
[White "Phillip Beckett"]
[Black "Archon"]
[Result "0-1"]
[WhiteCountry "ENG"]
[BlackCountry "CAN"]
[WhiteElo "1551"]
[WhiteRD "52"]
[BlackElo "1748"]
[BlackRD "60"]
[GameID "752454"]

1. e4 e5 2. Nf3 Nc6 3. Bb5 a6 4. Ba4 d6 5. d4 Bd7 6. dxe5 b5 7. Bb3 dxe5 8. c3 Be7 9. O-O Nf6 10. Nbd2 O-O
11. Re1 Bg4 12. h3 Bh5 13. Nf1 Na5 14. Bc2 Nc4 15. Ng3 Qxd1 16. Bxd1 Bg6 17. Nf5 Bc5 18. Bg5 Nxe4 19. Ne7+ Bxe7 20. Bxe7 Rfe8
21. Bh4 Nxb2 22. Bb3 Nd3 23. Rxe4 Bxe4 24. Ng5 Bg6 25. Nf3 e4 26. Nd4 Kf8 27. g4 c5 28. Nf5 Bxf5 29. gxf5 c4 30. Bc2 f6
0-1

[Event "Bring on Spring "]
[Site "SchemingMind.com"]
[Date "2025.03.12"]
[Round "-"]
[White "Phillip Beckett"]
[Black "kenneth m day"]
[Result "*"]
[WhiteCountry "ENG"]
[BlackCountry "USA"]
[WhiteElo "1551"]
[WhiteRD "52"]
[BlackElo "1691"]
[BlackRD "51"]
[GameID "752455"]

1. e4 e5 2. Nf3 Nc6 3. Bb5 a6 4. Ba4 Nf6 5. O-O Be7 6. Re1 b5 7. Bb3 O-O 8. c3 d6 9. h3 Na5 10. Bc2 c5
11. a4 Bb7 12. axb5 axb5 13. d3 Qc7 14. Nbd2 Nc6 15. Rxa8 Rxa8 16. Nf1 Nd8 17. Ng3 Ne6 18. Nf5 Bf8 19. Be3 d5 20. exd5 Bxd5
21. Qe2 h6 22. N3h4 Nf4 23. Bxf4 exf4 24. Ne7+ Bxe7 25. Qxe7 Qxe7 26. Rxe7 Ra2 27. Nf5 Rxb2 28. Bd1 Rd2 29. Bf3 Bxf3 30. gxf3 Rxd3
31. Rb7 Rxf3 32. Ne7+ Kf8 33. Kg2 Rxc3 34. Nc6 b4 35. Rb8+ Ne8 36. Ne5 Ke7 37. Nc6+ Kd7 38. Ne5+ Ke7 39. Nc6+ Kf8 40. Nxb4 cxb4
41. Rxb4 f3+ 42. Kg3 Nf6 43. Rb8+
*

[Event "Bring on Spring "]
[Site "SchemingMind.com"]
[Date "2025.03.12"]
[Round "-"]
[White "kenneth m day"]
[Black "Phillip Beckett"]
[Result "1/2-1/2"]
[WhiteCountry "USA"]
[BlackCountry "ENG"]
[WhiteElo "1691"]
[WhiteRD "51"]
[BlackElo "1551"]
[BlackRD "52"]
[GameID "752456"]

1. e4 e5 2. Nf3 Nc6 3. c3 Nf6 4. d4 exd4 5. e5 Ne4 6. Qe2 f5 7. exf6 d5 8. Nbd2 Qxf6 9. Nxe4 dxe4 10. Qxe4+ Be7
11. Nxd4 Nxd4 12. Qxd4 O-O 13. Bc4+ Be6 14. Qxf6 Rxf6 15. Bxe6+ Rxe6+ 16. Be3 Bc5 17. O-O-O Bxe3+ 18. fxe3 Rae8 19. Rhe1 Rxe3 20. Rxe3 Rxe3
21. Rd8+ Kf7 22. Rd7+ Re7 23. Rxe7+= Kxe7 24. Kd2=
1/2-1/2

[Event "Bring on Spring "]
[Site "SchemingMind.com"]
[Date "2025.03.12"]
[Round "-"]
[White "Phillip Beckett"]
[Black "Robert Hatfield"]
[Result "0-1"]
[WhiteCountry "ENG"]
[BlackCountry "USA"]
[WhiteElo "1551"]
[WhiteRD "52"]
[BlackElo "1677"]
[BlackRD "50"]
[GameID "752457"]

1. e4 e5 2. Nf3 Nc6 3. Bb5 a6 4. Ba4 Nf6 5. O-O Be7 6. Re1 b5 7. Bb3 d6 8. c3 O-O 9. h3 Be6 10. Bc2 d5
11. exd5 Qxd5 12. Bb3 Qd7 13. Bxe6 Qxe6 14. Nxe5 Nxe5 15. d4 Nf3+ 16. gxf3 Qd7 17. Bf4 Bd6 18. Bxd6 cxd6 19. Kg2 d5 20. Nd2 Rfe8
21. Nf1 h6 22. Rxe8+ Rxe8 23. Qd2 Nh5 24. Re1 Nf4+ 25. Kh2 Qxh3+ 26. Kg1 Qg2#
0-1

[Event "Bring on Spring "]
[Site "SchemingMind.com"]
[Date "2025.03.12"]
[Round "-"]
[White "Robert Hatfield"]
[Black "Phillip Beckett"]
[Result "1-0"]
[WhiteCountry "USA"]
[BlackCountry "ENG"]
[WhiteElo "1677"]
[WhiteRD "50"]
[BlackElo "1551"]
[BlackRD "52"]
[GameID "752458"]

1. e4 e5 2. Nf3 Nc6 3. Bb5 a6 4. Ba4 Nf6 5. O-O Be7 6. c3 b5 7. Bc2 O-O 8. Re1 d6 9. h3 h6 10. d4 exd4
11. cxd4 Na5 12. b3 c5 13. Bb2 c4 14. Nc3 cxb3 15. axb3 Bb7 16. Ba3 Qc7 17. Nd5 Nxd5 18. exd5 Bxd5 19. Rc1 Qb7 20. Qd3 g6
21. Re3 Bf6 22. Bxd6 Rfd8 23. Bc5 Bxf3 24. Rxf3 Bg7 25. Re1 Rac8 26. Re7 Rd7 27. Rxd7 Qxd7 28. Rf4 Nc6 29. h4 Ne7 30. h5 f5
31. hxg6 Nxg6 32. Rxf5 Nf8 33. b4 Qe6 34. Bb3
1-0

[Event "Bring on Spring "]
[Site "SchemingMind.com"]
[Date "2025.03.13"]
[Round "-"]
[White "Archon"]
[Black "Clive Everill"]
[Result "*"]
[WhiteCountry "CAN"]
[BlackCountry "CZE"]
[WhiteElo "1748"]
[WhiteRD "60"]
[BlackElo "1703"]
[BlackRD "59"]
[GameID "752462"]

1. e4 e5 2. Bc4 Nf6 3. Nc3 Nc6 4. d3 Na5 5. Bb5 a6 6. Ba4 b5 7. Bb3 Bb4 8. Bd2 O-O 9. Nf3 d6 10. h3 Bb7
11. O-O Rc8 12. Nd5 Bxd2 13. Qxd2 Nxb3 14. Nxf6+ Qxf6 15. axb3 Rfd8 16. Qg5 Qe6 17. Nh4 Kh8 18. f4 f6 19. Qg3 d5 20. fxe5 fxe5
21. exd5 Bxd5 22. Nf5 g6 23. Nh6 Rf8 24. Rae1 Rce8 25. Rxf8+ Rxf8 26. Qxe5+ Qxe5 27. Rxe5 c6 28. Ng4 Kg7 29. Re7+ Rf7 30. Rxf7+ Kxf7
31. Kf2 Ke6 32. Ne3 c5 33. Nxd5 Kxd5 34. Ke3 Ke5 35. c3 h5 36. h4 a5 37. g3 Kf5 38. b4 cxb4 39. cxb4 axb4 40. d4 Ke6
41. Ke4 b3 42. Kd3 Kd5 43. Kc3 Ke4 44. Kxb3 Kxd4 45. Kb4 Ke3 46. Kxb5 Kf3 47. b4 Kxg3 48. Kc4 Kxh4 49. b5 g5 50. b6 g4
51. b7 g3 52. b8=Q Kh3 53. Qc8+ Kh2 54. Qf5 h4 55. Qf4
*

[Event "Bring on Spring "]
[Site "SchemingMind.com"]
[Date "2025.03.13"]
[Round "-"]
[White "Clive Everill"]
[Black "Archon"]
[Result "0-1"]
[WhiteCountry "CZE"]
[BlackCountry "CAN"]
[WhiteElo "1703"]
[WhiteRD "59"]
[BlackElo "1748"]
[BlackRD "60"]
[GameID "752463"]

1. e4 e5 2. Nc3 Nc6 3. f4 Bc5 4. Nf3 d6 5. Bb5 Nf6 6. fxe5 dxe5 7. Bxc6+ bxc6 8. Nxe5 Qd4 9. Nd3 O-O 10. b3 Re8
11. Bb2 Nxe4 12. Ne2 Qd6 13. Nxc5 Qxc5 14. d4 Qh5 15. O-O Bg4 16. Re1 Nf6 17. Kf1 Nd5 18. Bc1 Nc3 19. Nf4 Nxd1 20. Rxe8+ Rxe8
21. Nxh5 Bxh5 22. Bf4 Nc3 23. Bxc7 Re2 24. Ba5 Rxc2 25. a3 Nd5 26. Re1 f6 27. Kg1 Kf7 28. g3 Bf3 29. Rf1 Rg2+ 30. Kh1 Rf2+
31. Kg1 Rxf1+ 32. Kxf1 Ke6 33. Bd2 Bg4 34. Kf2 Kf5 35. Bc1 Ke4 36. Bb2 Ne3 37. b4 Nf5 38. Kg2 Nxd4 39. h3 Be6 40. Kf2 Kd3
41. g4 Nc2 42. Kf3 Kc4 43. Kf4 Kb3
0-1

[Event "Bring on Spring "]
[Site "SchemingMind.com"]
[Date "2025.03.13"]
[Round "-"]
[White "Clive Everill"]
[Black "Phillip Beckett"]
[Result "*"]
[WhiteCountry "CZE"]
[BlackCountry "ENG"]
[WhiteElo "1703"]
[WhiteRD "59"]
[BlackElo "1551"]
[BlackRD "52"]
[GameID "752464"]

1. e4 e5 2. f4 Qh4+ 3. g3 Qe7 4. d3 exf4 5. Bxf4 d5 6. Qe2 dxe4 7. dxe4 Nf6 8. Bg2 Qb4+ 9. c3 Qb6 10. Nf3 Be7
11. Be3 Qa5 12. Bd4 O-O 13. O-O Nc6 14. Bf2 Bc5 15. Bxc5 Qxc5+ 16. Kh1 Bg4 17. Nbd2 Ne5 18. Rad1 Rad8 19. Nb3 Qe7 20. Qc2 Nxf3
21. Bxf3 Bxf3+ 22. Rxf3 Qxe4 23. Qxe4 Nxe4 24. Rxd8 Rxd8 25. Nd4 Nf6 26. Rf2 c5 27. Nb5 a6 28. Na3 Rd1+ 29. Kg2 Kf8 30. Nc4 b5
31. Ne3 Rd7 32. a3 Ne4 33. Re2 Rd2 34. Kf3 Rxe2 35. Kxe2 g6 36. Kf3 Nd2+ 37. Kf4 Ke7 38. h4 f5 39. g4 fxg4 40. Kxg4 Kf6
41. Kf4 c4 42. Nd5+ Kf7 43. Nc7 h6 44. Nxa6 Nb3 45. Nc7 Nc5 46. Nxb5 Na4 47. Nd6+ Kf6 48. Nxc4 g5+ 49. hxg5+ hxg5+ 50. Kg4 Nc5
51. b4 Na4 52. b5 Nc5 53. b6
*

[Event "Bring on Spring "]
[Site "SchemingMind.com"]
[Date "2025.03.13"]
[Round "-"]
[White "Phillip Beckett"]
[Black "Clive Everill"]
[Result "0-1"]
[WhiteCountry "ENG"]
[BlackCountry "CZE"]
[WhiteElo "1551"]
[WhiteRD "52"]
[BlackElo "1703"]
[BlackRD "59"]
[GameID "752465"]

1. e4 e5 2. Nf3 Nc6 3. Bb5 d6 4. d4 Bd7 5. dxe5 Nxe5 6. Bxd7+ Nxd7 7. O-O Ngf6 8. Re1 Be7 9. Bg5 O-O 10. Nc3 a6
11. Bxf6 Bxf6 12. Nd5 Nc5 13. Nxf6+ Qxf6 14. c3 Rfe8 15. Qd5 c6 16. Qd2 Nxe4 17. Qd4 Qxd4 18. Nxd4 d5 19. f3 Nd6 20. Kf2 Nc4
21. b3 Na3 22. Rxe8+ Rxe8 23. Re1 Rxe1 24. Kxe1 c5 25. Nf5 Kf8 26. Kd2 Nb5 27. Kd3 g6 28. Ne3 Nc7 29. Nc2 b5 30. Ne3 Ke7
31. c4 d4 32. Ng4 h5 33. cxb5 axb5 34. Nf2 Ke6 35. Ne4 Na6 36. Nd2 Nb4+ 37. Ke4 Nxa2 38. g4 hxg4 39. fxg4 Nc1 40. h4 Ne2
41. Nf3 f5+ 42. gxf5+ gxf5+ 43. Kd3 Nf4+ 44. Kd2 Kd5
0-1

[Event "Bring on Spring "]
[Site "SchemingMind.com"]
[Date "2025.03.13"]
[Round "-"]
[White "Clive Everill"]
[Black "kenneth m day"]
[Result "0-1"]
[WhiteCountry "CZE"]
[BlackCountry "USA"]
[WhiteElo "1703"]
[WhiteRD "59"]
[BlackElo "1691"]
[BlackRD "51"]
[GameID "752466"]

1. e4 e5 2. Nc3 Nf6 3. f4 d5 4. fxe5 Nxe4 5. Nxe4 dxe4 6. d4 exd3 7. Bxd3 Nc6 8. Bf4 Qd4 9. Nf3 Qxf4 10. O-O Bc5+
11. Kh1 Bd7 12. Qe2 O-O-O 13. Rae1 h5 14. Nd2 Qg4 15. Qf2 Bxf2 16. Rxf2 Be6 17. h3 Qd4 18. Rfe2 Qxb2 19. a4 g5 20. Rb1 Qd4
21. Re4 Qf2 22. Nf3 g4 23. Rf1 Qg3 24. Ng5 gxh3 25. gxh3 Qxg5 26. Rg1 Qd2 27. Re2 Bd5+
0-1

[Event "Bring on Spring "]
[Site "SchemingMind.com"]
[Date "2025.03.13"]
[Round "-"]
[White "kenneth m day"]
[Black "Clive Everill"]
[Result "*"]
[WhiteCountry "USA"]
[BlackCountry "CZE"]
[WhiteElo "1691"]
[WhiteRD "51"]
[BlackElo "1703"]
[BlackRD "59"]
[GameID "752467"]

1. e4 e5 2. Nf3 Nc6 3. c3 Bc5 4. Bc4 h6 5. O-O Nf6 6. Re1 Ng4 7. d4 Bd6 8. h3 Nf6 9. dxe5 Nxe5 10. Nxe5 Bxe5
11. Nd2 b6 12. Nf3 Qe7 13. Nxe5 Qxe5 14. Qe2 Bb7 15. Bd3 O-O-O 16. f4 Qe8 17. Bd2 d6 18. a4 d5 19. e5 Nd7 20. b4 c6
21. b5 c5 22. Bf5 g6 23. Bg4 h5 24. Bf3 Qe6 25. a5 Rde8 26. axb6 axb6 27. Ra7 Kc7 28. c4 Kc8 29. Rxb7 d4 30. Bd5 Qf5
31. Qf3 g5
*

[Event "Bring on Spring "]
[Site "SchemingMind.com"]
[Date "2025.03.14"]
[Round "-"]
[White "Clive Everill"]
[Black "Robert Hatfield"]
[Result "1-0"]
[WhiteCountry "CZE"]
[BlackCountry "USA"]
[WhiteElo "1703"]
[WhiteRD "59"]
[BlackElo "1677"]
[BlackRD "50"]
[GameID "752468"]

1. e4 e5 2. Nc3 Nf6 3. Bc4 Nc6 4. Nf3 Bc5 5. Na4 Bb6 6. O-O O-O 7. c3 d6 8. d3 h6 9. Re1 Bg4 10. h3 Bh5
11. Nxb6 axb6 12. Bd2 Qd7 13. Be3 Na5 14. Bb3 Nxb3 15. Qxb3 Bxf3 16. gxf3 Qxh3 17. Qd1 Qe6 18. d4 Rxa2 19. d5 Rxa1 20. Qxa1 Qc8
21. Kg2 Qa8 22. Qc1 Qa2 23. Bxh6
1-0

[Event "Bring on Spring "]
[Site "SchemingMind.com"]
[Date "2025.03.13"]
[Round "-"]
[White "Robert Hatfield"]
[Black "Clive Everill"]
[Result "*"]
[WhiteCountry "USA"]
[BlackCountry "CZE"]
[WhiteElo "1677"]
[WhiteRD "50"]
[BlackElo "1703"]
[BlackRD "59"]
[GameID "752469"]

1. e4 e5 2. Nf3 Nc6 3. Bb5 d6 4. O-O Bd7 5. c3 Nf6 6. d3 Be7 7. h3 a6 8. Ba4 b5 9. Bc2 O-O 10. Re1 Qc8
11. Nbd2 Re8 12. Nf1 Na7 13. Be3 c5 14. d4 cxd4 15. cxd4 exd4 16. Nxd4 Bf8 17. Rc1 Qb7 18. Nf5 Nc8 19. N1g3 g6 20. Nh6+ Bxh6
21. Bxh6 Kh8 22. Bb3 Be6 23. Qd4 Qe7 24. Rc7 Qd8 25. Bxe6 Rxe6 26. Rec1 Ne7 27. Rb7 Rc8 28. Rxc8 Nxc8 29. Rxf7 Kg8 30. Rb7 Ne7
31. Bg5 Nc6 32. Qc3 Ne5 33. Ne2 Qa8 34. Rc7 Qxe4 35. Nd4 Nd5 36. f3 Qb1+ 37. Qc1 Qxc1+
*